Những bí mật của trái đất /
Sách giới thiệu với bạn đọc những bí mật của trái đất đối với cuộc sống con người từ xưa cho đến nay.
Wedi'i Gadw mewn:
| Prif Awdur: | |
|---|---|
| Awduron Eraill: | , , |
| Fformat: | Llyfr |
| Iaith: | Vietnamese Chinese |
| Cyhoeddwyd: |
Tp.HCM :
Thanh niên,
2000.
|
| Pynciau: | |
| Tagiau: |
Ychwanegu Tag
Dim Tagiau, Byddwch y cyntaf i dagio'r cofnod hwn!
|
| Thư viện lưu trữ: | Mạng thư viện Đại học Đà Nẵng |
|---|
| LEADER | 01148cam a2200373 i 4500 | ||
|---|---|---|---|
| 001 | 000046672 | ||
| 003 | 6174 | ||
| 005 | 20030917134033.0 | ||
| 008 | 010307b2000 vm 000 vie | ||
| 020 | |c 32000 | ||
| 040 | |a IRC |c IRC |d IRC | ||
| 041 | 1 | |a vie |h chi | |
| 082 | 1 | 4 | |a 001 |b DI-Q |
| 100 | 1 | |a Diêu Đại Quân. | |
| 245 | 0 | 6 | |a Những bí mật của trái đất / |c Diêu Đại Quân, Hạ Vũ, Mục Chí Văn ; Đoàn Mạnh Thế dịch. |
| 260 | |a Tp.HCM : |b Thanh niên, |c 2000. | ||
| 300 | |a 332tr. ; |c 19cm. | ||
| 520 | 3 | |a Sách giới thiệu với bạn đọc những bí mật của trái đất đối với cuộc sống con người từ xưa cho đến nay. | |
| 630 | 0 | 4 | |a Kiến thức. |
| 630 | 0 | 4 | |a Bí mật của trái đất. |
| 650 | 0 | 4 | |a Kiến thức phổ thông. |
| 700 | 1 | |a Hạ Vũ. | |
| 700 | 1 | |a Mục Chí Văn. | |
| 700 | 1 | |a Đoàn Mạnh Thế, |e dịch. | |
| OWN | |a DUT | ||
| 999 | |a From the UDN01 | ||
| TYP | |a Monograph | ||
| TYP | |a Printed language | ||
| 980 | |a Mạng thư viện Đại học Đà Nẵng | ||